[Event "Titled Tuesday intern op 07th Sept"]
[Site "Chess.com INT"]
[Date "2021.09.07"]
[Round "1"]
[White "Kovalchuk, Alexey"]
[Black "Bethke, Richard"]
[Result "1/2-1/2"]
[WhiteElo "2375"]
[BlackElo "2332"]
[PlyCount "149"]
[EventDate "2021.09.07"]
[EventType "swiss (blitz)"]
[EventRounds "11"]
[EventCountry "USA"]
[SourceTitle "EXT 2022"]
[Source "ChessBase"]
[SourceDate "2021.10.06"]
[SourceVersion "1"]
[SourceVersionDate "2021.10.06"]
[SourceQuality "1"]

1. d4 e6 2. c4 f5 3. g3 Nf6 4. Bg2 g6 5. Nc3 Bg7 6. Nf3 0-0 7. 0-0 d6 8. Re1 Nc6 9. e4 fxe4 10. Nxe4 Nxe4 11. Rxe4 e5 12. Bg5 Qe8 13. dxe5 dxe5 14. Qd2 Bf5 15. Ree1 Qf7 16. Nh4 Be6 17. b3 Rae8 18. Rad1 Nd4 19. h3 c6 20. f4 exf4 21. Bxf4 Rd8 22. Kh1 Nf3 23. Qxd8 Nxe1 24. Qc7 Qxc7 25. Bxc7 Nxg2 26. Kxg2 g5 27. Nf3 g4 28. hxg4 Bxg4 29. Rf1 Bc3 30. Bf4 Re8 31. Rf2 a5 32. Rc2 Bf6 33. Rd2 b5 34. cxb5 cxb5 35. Kf2 Bc3 36. Re2 Rxe2+ 37. Kxe2 Bd4 38. Kd3 Bb6 39. Nd4 b4 40. Be3 Kf7 41. Nc6 Bf5+ 42. Kd2 Bc7 43. Bf4 Bb6 44. Be3 Bc7 45. Bf4 Bxf4+ 46. gxf4 Bb1 47. Nxa5 Bxa2 48. Nc6 Bxb3 49. Nxb4 h5 50. Ke3 h4 51. Kf3 Be6 52. Nd3 Kf6 53. Ne5 Kf5 54. Nd3 Bd5+ 55. Kf2 Kg4 56. Kg1 Kg3 57. Nf2 Be6 58. Nh1+ Kxf4 59. Kh2 Bd5 60. Nf2 Be6 61. Nh3+ Kf3 62. Ng5+ Kg4 63. Nxe6 h3 64. Nc7 Kf3 65. Nb5 Kf4 66. Nc3 Ke3 67. Nb1 Kd3 68. Na3 Kc3 69. Nb5+ Kb4 70. Nd6 Kc5 71. Nf7 Kd5 72. Nh6 Ke6 73. Ng4 Kf5 74. Nf2 Kf4 75. Nxh3+ 1/2-1/2

[Event "Titled Tuesday intern op 07th Sept"]
[Site "Chess.com INT"]
[Date "2021.09.07"]
[Round "5"]
[White "Kovalchuk, Alexey"]
[Black "Bilan, Danila"]
[Result "1-0"]
[WhiteElo "2375"]
[BlackElo "2303"]
[PlyCount "81"]
[EventDate "2021.09.07"]
[EventType "swiss (blitz)"]
[EventRounds "11"]
[EventCountry "USA"]
[SourceTitle "EXT 2022"]
[Source "ChessBase"]
[SourceDate "2021.10.06"]
[SourceVersion "1"]
[SourceVersionDate "2021.10.06"]
[SourceQuality "1"]

1. d4 d5 2. c4 c6 3. cxd5 cxd5 4. Bf4 Nf6 5. e3 Nc6 6. Nc3 e6 7. Bd3 Bd6 8. Bxd6 Qxd6 9. f4 0-0 10. Nf3 Bd7 11. Ne5 Ne7 12. 0-0 Rac8 13. g4 Bc6 14. Qf3 Ne4 15. Nxe4 dxe4 16. Bxe4 Bxe4 17. Qxe4 Nd5 18. Rf2 Rc7 19. a3 Rfc8 20. Raf1 Nf6 21. Qf3 Qd5 22. Qxd5 exd5 23. Re2 Ne4 24. Nd3 a5 25. Nf2 Nd6 26. Rfe1 f5 27. gxf5 Nxf5 28. Nd3 b6 29. Kf2 Nd6 30. Kf3 Ne4 31. Nf2 Nf6 32. e4 dxe4+ 33. Nxe4 Nd5 34. Ng5 g6 35. Re8+ Rxe8 36. Rxe8+ Kg7 37. Ne6+ Kf7 38. Nxc7 Nxc7 39. Rh8 Kg7 40. Rb8 b5 41. Rb7 1-0

[Event "Titled Tuesday intern op 07th Sept"]
[Site "Chess.com INT"]
[Date "2021.09.07"]
[Round "3"]
[White "Kovalchuk, Alexey"]
[Black "Gracia Alvarez, Gerardo Antonio"]
[Result "1-0"]
[WhiteElo "2375"]
[BlackElo "2237"]
[PlyCount "93"]
[EventDate "2021.09.07"]
[EventType "swiss (blitz)"]
[EventRounds "11"]
[EventCountry "USA"]
[SourceTitle "EXT 2022"]
[Source "ChessBase"]
[SourceDate "2021.10.06"]
[SourceVersion "1"]
[SourceVersionDate "2021.10.06"]
[SourceQuality "1"]

1. d4 Nf6 2. c4 c5 3. d5 b5 4. cxb5 a6 5. e3 axb5 6. Bxb5 e6 7. dxe6 fxe6 8. Nc3 Bb7 9. Nf3 Nc6 10. e4 Qc7 11. 0-0 Bd6 12. Re1 Nd4 13. h3 Nxf3+ 14. Qxf3 0-0 15. Qe2 Bh2+ 16. Kh1 Be5 17. Bd3 Rae8 18. a4 c4 19. Bxc4 Bxc3 20. bxc3 Nxe4 21. Be3 Qc6 22. Bb5 Qd5 23. c4 Qf5 24. Kg1 Qg6 25. Qg4 Qf7 26. f3 Nd6 27. Bc5 h5 28. Qg5 Bxf3 29. gxf3 Qxf3 30. Bxd6 Rf5 31. Qg2 Qc3 32. Bc5 Qf6 33. Be3 Rf8 34. Rf1 Qe5 35. Bf2 Rxf2 36. Rxf2 Qxa1+ 37. Rf1 Qd4+ 38. Kh1 Rxf1+ 39. Qxf1 Qe3 40. a5 Qe4+ 41. Kh2 Qe5+ 42. Kg2 Qb2+ 43. Qf2 Qb1 44. a6 Qe4+ 45. Qf3 Qc2+ 46. Qf2 Qb3 47. a7 1-0